Financial management (Record no. 285)

MARC details
000 -LEADER
fixed length control field 00416nam a22001697a 4500
005 - DATE AND TIME OF LATEST TRANSACTION
control field 20180703171342.0
008 - FIXED-LENGTH DATA ELEMENTS--GENERAL INFORMATION
fixed length control field 160429b xxu||||| |||| 00| 0 eng d
020 ## - INTERNATIONAL STANDARD BOOK NUMBER
ISBN 9788-81-25916581
041 ## - LANGUAGE CODE
Language code of text/sound track or separate title eng
082 ## - DEWEY DECIMAL CLASSIFICATION NUMBER
Item number 00871
Classification number 658.15
100 ## - MAIN ENTRY--AUTHOR NAME
Personal name Pandey IM
245 ## - TITLE STATEMENT
Title Financial management
260 ## - PUBLICATION, DISTRIBUTION, ETC. (IMPRINT)
Place of publication New Delhi
Name of publisher Vikas Publishing House,
Year of publication 1978
300 ## - PHYSICAL DESCRIPTION
Number of Pages 787p,
650 ## - SUBJECT ADDED ENTRY--TOPICAL TERM
Topical Term Management
942 ## - ADDED ENTRY ELEMENTS (KOHA)
Koha item type Books
Holdings
Lost status Damaged status Collection code Home library Current library Shelving location Date acquired Source of acquisition Cost, normal purchase price Full call number Accession Number Koha item type
    MANAGEMENT JRU Library JRU Library SHELF-58 -K 29/04/2016 PURCHASE 525.00 658.15 00871 Books
    MANAGEMENT JRU Library JRU Library SHELF-58 -K 29/04/2016 PURCHASE 525.00 658.15 00872 Books
    MANAGEMENT JRU Library JRU Library SHELF-58 -K 29/04/2016 PURCHASE 525.00 658.15 00873 Books
    MANAGEMENT JRU Library JRU Library   29/04/2016   525.00 658.15 00874 Books
    MANAGEMENT JRU Library JRU Library SHELF-58 -K 29/04/2016 PURCHASE 525.00 658.15 00875 Books
    MANAGEMENT JRU Library JRU Library SHELF-58 -K 29/04/2016 PURCHASE 525.00 658.15 00876 Books
    MANAGEMENT JRU Library JRU Library SHELF-58 -K 29/04/2016 PURCHASE 525.00 658.15 00877 Books
    MANAGEMENT JRU Library JRU Library SHELF-58 -K 29/04/2016 PURCHASE 525.00 658.15 00878 Books
      JRU Library JRU Library SHELF-58 -K 29/04/2016 PURCHASE 525.00 658.15 00879 Books
    MANAGEMENT JRU Library JRU Library SHELF-58 -K 29/04/2016 PURCHASE 525.00 658.15 00880 Books
    MANAGEMENT JRU Library JRU Library SHELF-40-D 29/04/2016   525.00 658.15 00881 Books
      JRU Library   SHELF-18-D 29/04/2016   525.00 658.15 00882 Books